000
00271nam a2200097Ia 4500
005
20251222114404.0
008
251222s1900||||xx |||||||||||||| ||spa||
082
_a
DVD0170/H51/1964
245
0
_a
Marnie, confissoes de uma ladra:Marnie, confesiones de una ladrona
942
_c
DVD
999
_c
1776
_d
1776